[Event "GER-ch U10 Girls"]
[Site "Willingen"]
[Date "2023.06.02"]
[Round "10"]
[White "Hendler, Felicitas"]
[Black "Bayer, Klara"]
[Result "1/2-1/2"]
[WhiteElo "1049"]
[BlackElo "1043"]
[PlyCount "55"]
[EventDate "2023.05.27"]
[EventType "swiss"]
[EventRounds "11"]
[EventCountry "GER"]
[SourceTitle "CBM 214 Extra"]
[Source "ChessBase"]
[SourceDate "2023.07.31"]
[SourceVersion "1"]
[SourceVersionDate "2023.07.31"]
[SourceQuality "1"]

1. e4 c5 2. Nf3 d6 3. d4 cxd4 4. Nxd4 Nf6 5. Nc3 a6 6. Bc4 e6 7. 0-0 Be7 8. Bg5 Nbd7 9. Re1 Qc7 10. Bb3 b5 11. a3 Bb7 12. Rc1 0-0 13. Bxe6 Nc5 14. Bxf6 fxe6 15. Bxe7 Qxe7 16. b4 Nd7 17. Qg4 e5 18. Qe6+ Qxe6 19. Nxe6 Rf6 20. Nc7 Rc8 21. N7d5 Rf7 22. f3 Bxd5 23. Nxd5 Nf6 24. Nxf6+ Rxf6 25. Red1 Kf7 26. Rd5 Rc3 27. Rd3 Rc4 28. Rd5 1/2-1/2

[Event "GER-ch U10 Girls"]
[Site "Willingen"]
[Date "2023.05.31"]
[Round "6"]
[White "Lukas, Olivia"]
[Black "Bayer, Klara"]
[Result "1-0"]
[WhiteElo "1288"]
[BlackElo "1043"]
[PlyCount "127"]
[EventDate "2023.05.27"]
[EventType "swiss"]
[EventRounds "11"]
[EventCountry "GER"]
[SourceTitle "CBM 214 Extra"]
[Source "ChessBase"]
[SourceDate "2023.07.31"]
[SourceVersion "1"]
[SourceVersionDate "2023.07.31"]
[SourceQuality "1"]

1. e4 c5 2. c4 d6 3. g3 Nf6 4. Bg2 Nc6 5. Ne2 g6 6. Nbc3 Bg7 7. d3 a6 8. a3 b6 9. e5 Nd7 10. Bxc6 Rb8 11. exd6 exd6 12. Bg2 0-0 13. 0-0 Re8 14. Re1 Ne5 15. b3 Bf5 16. Be4 Bxe4 17. dxe4 Nf3+ 18. Kg2 Nxe1+ 19. Qxe1 b5 20. f3 b4 21. Rb1 Bxc3 22. Nxc3 bxc3 23. Qxc3 Qe7 24. Bb2 Qe5 25. Qe3 Qe7 26. Qc3 Qe5 27. Qe3 Qe7 28. Qc3 f6 29. Qxf6 Qxf6 30. Bxf6 a5 31. Bc3 a4 32. b4 Rb7 33. Kf2 Kf7 34. b5 Ke6 35. Re1 Rd8 36. f4 h5 37. Kg2 Kf7 38. Kh3 Kg8 39. Rd1 Rdd7 40. Kh4 Rb6 41. Kg5 Kh7 42. e5 Kg8 43. Ba5 Rbb7 44. exd6 Kf7 45. Bc7 Kg7 46. Re1 Kf7 47. Re5 Rbxc7 48. dxc7 Rxc7 49. f5 gxf5 50. Rxf5+ Ke6 51. Rd5 Rd7 52. Rxd7 Kxd7 53. Kxh5 Ke7 54. g4 Kf6 55. b6 Ke5 56. b7 Kd4 57. b8Q Kxc4 58. g5 Kc3 59. g6 c4 60. g7 Kc2 61. g8Q c3 62. Qg2+ Kc1 63. Qf4+ Kb1 64. Qff1# 1-0

[Event "GER-ch U10 Girls"]
[Site "Willingen"]
[Date "2023.05.29"]
[Round "3"]
[White "Tiuca, Emma"]
[Black "Bayer, Klara"]
[Result "1-0"]
[WhiteElo "1149"]
[BlackElo "1043"]
[PlyCount "57"]
[EventDate "2023.05.27"]
[EventType "swiss"]
[EventRounds "11"]
[EventCountry "GER"]
[SourceTitle "CBM 214 Extra"]
[Source "ChessBase"]
[SourceDate "2023.07.31"]
[SourceVersion "1"]
[SourceVersionDate "2023.07.31"]
[SourceQuality "1"]

1. e4 e5 2. Nf3 Nc6 3. Bb5 Bc5 4. Nxe5 Nxe5 5. d4 a6 6. Ba4 b5 7. Bb3 Qf6 8. dxc5 Bb7 9. f3 Ne7 10. Be3 0-0 11. 0-0 a5 12. a4 b4 13. Nd2 Rad8 14. Qe2 Rfe8 15. Rad1 N7g6 16. f4 Nc6 17. f5 Nge7 18. Nc4 Ba6 19. Qf2 Bxc4 20. Bxc4 Qxb2 21. Bb3 Qf6 22. Qg3 Ne5 23. Bg5 Qc6 24. Qxe5 Kf8 25. f6 gxf6 26. Rxf6 Qxf6 27. Qxf6 Kg8 28. Qxf7+ Kh8 29. Bf6# 1-0